Estórias de dentro de casa (Registo nº 46918)

Detalhes MARC
000 -Etiqueta do registo
campo de controlo de comprimento fixo 014660000a22002770004500
001 - Identificador do registo
Campo de controlo 46918
010 ## - ISBN
Número (ISBN) 972-21-1078-0
100 ## - Dados Gerais de Proc.
Dados gerais de processamento 20151209d1996 k y0pory5003 ba
101 0# - Língua da publicação
Língua do texto, banda sonora, etc. Português
102 ## - País de Publicação
País de publicação Portugal
200 1# - Título
Título próprio Estórias de dentro de casa
Informação de outro título novelas
Primeira menção de responsabilidade Germano Almeida
210 ## - Publicação, Distribuição
Lugar da edição, distribuição, etc. Lisboa
Nome do editor, distribuidor, etc. Caminho
Data da publicação, distribuição, etc. 1996
215 ## - Descrição física
Descrição física 208, [9] p.
225 2# - Colecção
Título próprio da colecção Uma terra sem amos
Indicação de volume 78
327 0# - Nota de conteúdo
Texto da nota Projeto de leitura 12.ª ano
330 ## - Sumário ou Resumo
Texto da nota "Estórias de dentro de casa" inclui três novelas: "In memoriam", "As mulheres de João Nuno" e "Agravos de um artista". Em todas elas está presente uma particular visão dos homens (e das mulheres) - uma visão filtrada pelo sentido de humor próprio de Germano Almeida. Vícios, ambições desmedidas, agravos, necessidades comezinhas, vaidades feridas, convenções sociais obsoletas mas pertinazes, constituem um modo muito próprio do autor. Um mundo em que se reconhece, pelo exterior, o cabo-verdiano, e onde nos descobrimos, bem no fundo da alma de cada personagem, todos nós.<br/>Livro recomendado PNL2027 - Antes 2017 - dos 15-18 anos - Fluente. (BESJAC)
606 ## - Nome comum
Elemento de entrada Literatura africana de expressão portuguesa
606 ## - Nome comum
Elemento de entrada Novelas
606 ## - Nome comum
Elemento de entrada PNL
606 ## - Nome comum
Elemento de entrada Projeto de leitura 12.º ano
675 ## - CDU
Notação 83
Língua da edição Português
675 ## - CDU
Notação 821.134.3(665.8)-32"19/20"
Edição BN
Língua da edição Português
700 #1 - Responsabilidade principal
Palavra de ordem Almeida
Outra parte do nome Germano
Datas 1945-
090 ## - Números de controlo do sistema (Koha)
Número biblioitem do Koha (gerado automaticamente) 46918
942 ## - Elementos de entrada adicionados (Koha)
Tipo de item no Koha Monografias
Suprimido Disponível no OPAC
999 ## - Campo local
Campo local 46918
Exemplares
Removido (estado) Perdido (estado) Data de aquisição Origem do registo (biblioteca) (codificado) Código da organização que empresta ou é detentora (biblioteca) Código de barras Número de inventário Cota Numeração (volume ou outra parte) Data de empréstimo ou depósito Tipo de circulação (não pode ser emprestado) Preço Tipo de item e material Data da publicação, distribuição, etc.
Disponível Disponível 1996-01-01 Biblioteca da Escola Secundária Dr. Jorge Augusto Correia Biblioteca da Escola Secundária Dr. Jorge Augusto Correia BESJAC11465 11465 83A ALM 78 2020-07-13 Normal 12.51 Monografias 1996
Disponível Disponível 1996-01-01 Biblioteca da Escola Secundária Dr. Jorge Augusto Correia Biblioteca da Escola Secundária Dr. Jorge Augusto Correia BESJAC11668 11668 83A ALM 78   Normal 13.90 Monografias 1996